00433nam a2200181Ia 4500008004000000041000800040082001200048100001800060245005300078260004300131650000900174650001400183650001100197650001000208650000700218650001800225650000800243210210b1964 xxu||||| |||| 00| 0 eng d aeng a335/105 aFONSECA (A J) aWage determination and organised labour in India aLondonbOxford University Pressc1964 aWage aorganised alabour aIndia ain adetermination aand